<?xml version="1.0" encoding="UTF-8"?>
<record
    xmlns:xsi="http://www.w3.org/2001/XMLSchema-instance"
    xsi:schemaLocation="http://www.loc.gov/MARC21/slim http://www.loc.gov/standards/marcxml/schema/MARC21slim.xsd"
    xmlns="http://www.loc.gov/MARC21/slim">

  <leader>00362nam a22001217a 4500</leader>
  <datafield tag="040" ind1=" " ind2=" ">
    <subfield code="c">SY</subfield>
  </datafield>
  <datafield tag="082" ind1=" " ind2=" ">
    <subfield code="a">658</subfield>
  </datafield>
  <datafield tag="100" ind1=" " ind2=" ">
    <subfield code="a">&#x179F;&#x17C0;&#x1780; &#x179F;&#x17BC;&#x1795;&#x17B6;&#x178F;</subfield>
  </datafield>
  <datafield tag="245" ind1=" " ind2=" ">
    <subfield code="a">&#x1780;&#x17B6;&#x179A;&#x1792;&#x17D2;&#x179C;&#x17BE;&#x1795;&#x17C2;&#x1793;&#x1780;&#x17B6;&#x179A; &#x1793;&#x17B7;&#x1784;&#x1782;&#x17D2;&#x179A;&#x1794;&#x17CB;&#x1782;&#x17D2;&#x179A;&#x1784;&#x1792;&#x1793;&#x1792;&#x17B6;&#x1793;&#x1792;&#x1798;&#x17D2;&#x1798;&#x1787;&#x17B6;&#x178F;&#x17B7;&#x1785;&#x1798;&#x17D2;&#x179A;&#x17BB;&#x17C7;</subfield>
  </datafield>
  <datafield tag="260" ind1=" " ind2=" ">
    <subfield code="a">RUA</subfield>
    <subfield code="b">&#x179F;&#x17C0;&#x1780;</subfield>
    <subfield code="c">2006</subfield>
  </datafield>
  <datafield tag="300" ind1=" " ind2=" ">
    <subfield code="a">153p.</subfield>
  </datafield>
  <datafield tag="942" ind1=" " ind2=" ">
    <subfield code="c">KB</subfield>
  </datafield>
  <datafield tag="999" ind1=" " ind2=" ">
    <subfield code="c">9192</subfield>
    <subfield code="d">9192</subfield>
  </datafield>
  <datafield tag="952" ind1=" " ind2=" ">
    <subfield code="0">0</subfield>
    <subfield code="1">0</subfield>
    <subfield code="4">0</subfield>
    <subfield code="6">658_000000000000000_&#x179F;&#x17C0;&#x1780;_2006_C255</subfield>
    <subfield code="7">0</subfield>
    <subfield code="9">50898</subfield>
    <subfield code="a">LBB</subfield>
    <subfield code="b">LBB</subfield>
    <subfield code="c">C255</subfield>
    <subfield code="d">2016-08-25</subfield>
    <subfield code="o">658 &#x179F;&#x17C0;&#x1780; 2006 C255</subfield>
    <subfield code="p">RUA043427</subfield>
    <subfield code="r">2016-08-25</subfield>
    <subfield code="y">KB</subfield>
  </datafield>
  <datafield tag="952" ind1=" " ind2=" ">
    <subfield code="0">0</subfield>
    <subfield code="1">0</subfield>
    <subfield code="4">0</subfield>
    <subfield code="6">658_000000000000000_&#x179F;&#x17C0;&#x1780;_2006_C255</subfield>
    <subfield code="7">0</subfield>
    <subfield code="9">50899</subfield>
    <subfield code="a">LBB</subfield>
    <subfield code="b">LBB</subfield>
    <subfield code="c">C255</subfield>
    <subfield code="d">2016-08-25</subfield>
    <subfield code="o">658 &#x179F;&#x17C0;&#x1780; 2006 C255</subfield>
    <subfield code="p">RUA41044</subfield>
    <subfield code="r">2016-08-25</subfield>
    <subfield code="y">KB</subfield>
  </datafield>
  <datafield tag="952" ind1=" " ind2=" ">
    <subfield code="0">0</subfield>
    <subfield code="1">0</subfield>
    <subfield code="4">0</subfield>
    <subfield code="6">658_000000000000000_&#x179F;&#x17C0;&#x1780;_2006_C255</subfield>
    <subfield code="7">0</subfield>
    <subfield code="9">50900</subfield>
    <subfield code="a">LBB</subfield>
    <subfield code="b">LBB</subfield>
    <subfield code="c">C255</subfield>
    <subfield code="d">2016-08-25</subfield>
    <subfield code="o">658 &#x179F;&#x17C0;&#x1780; 2006 C255</subfield>
    <subfield code="p">RUA42123</subfield>
    <subfield code="r">2016-08-25</subfield>
    <subfield code="y">KB</subfield>
  </datafield>
</record>
